000
00239nam a2200097Ia 4500
008
240331s9999 xx 000 0 und d
082
_b
ENC
100
_a
Barnard, A. e
245
0
_a
Encyclopedia of social and cultural anthropology
942
_c
L
999
_c
3256
_d
3256